Psychologické aspekty vzťahu človek-stroj v komunikačných podmienkach automatizovaných informačných systémov diplomová práca

Bibliographic Details
Main Author: Hauerová, Michaela (Author)
Other Authors: Mlejová, Helena, 1983- (ini)
Format: Book
Language:Slovak
PhysicalDescription:84 s. sch. 30 cm
Published: V Bratislave Filozofická fakulta Univerzity Komenského 1985
Subjects:

MARC

LEADER 00000nam a2200000 a 4500
001 vtls001296320
003 SK-MaSNL
005 20260301235102.0
008 240318s xo a g 0 slo
035 |a SNK000248146 
040 |a SNK  |b slo  |c SNK  |e AACR2 
044 |a xo  |c SK 
072 7 |a 004.8  |2 konspekt 
072 7 |a 159.9  |2 konspekt 
080 |a 007+004  |2 1981 
080 |a 004.8  |2 1981 
080 |a 159.9  |2 1981 
080 |a (043)  |2 1981 
100 1 |a Hauerová, Michaela  |4 aut  |9 631891 
245 1 0 |a Psychologické aspekty vzťahu človek-stroj v komunikačných podmienkach automatizovaných informačných systémov  |b diplomová práca  |c Michaela Hauerová ; školiteľ: Helena Mlejová 
260 |a V Bratislave  |b Filozofická fakulta Univerzity Komenského  |c 1985 
300 |a 84 s.  |b sch.  |c 30 cm 
650 0 7 |a informačné systémy  |2 SNK  |9 1128 
650 0 7 |a umelá inteligencia  |2 SNK  |9 1830 
650 0 7 |a psychologické aspekty  |2 SNK  |9 3875 
650 0 7 |a psychológia  |2 SNK  |9 807 
655 7 |a diplomové práce  |2 SNK  |9 70156 
655 7 |a diplomové práce  |2 SNK  |9 70156 
700 1 |a Mlejová, Helena,  |d 1983-  |4 ini  |9 224653 
752 |d Bratislava 
999 |c 973254  |d 975184 
952 |t P60, <03>, [BOOK], {603}  |a SNK  |b SNK  |y PREZ  |7 0  |p 17A0070900  |o snkDIP 89  |i snkF 336/2002  |0 0  |1 0  |4 0  |d 2002-04-23  |l 0  |r 2005-01-02 00:00:00  |w 2026-02-24